000 00827nam a22002417a 4500
999 _c12717
_d12717
003 AR-CdUCM
008 190410b ||||| |||| 00| 0 spa d
040 _aMUNICIPALIDAD PROVINCIAL DEL CUSCO
_cBIBLIOTECA MUNICIPAL DEL CUSCO
082 _aEP / 398 /
_bOV93
100 _aOviedo Medina, José
_930724
245 _aSiwarcha proyecto huasac - profuturo
260 _aCusco :
_bTalleres graficos de editorial Moderna,
_c2006.
300 _a80 paginas ;
_bIlustraciones, Graficos, Dibujos,
_c29 cm.
500 _aTexto educativo para niños en quechua
650 _aTextos escolares
_94527
650 _aQuechua
_92063
650 _aHistorias
_92725
650 _aCuentos
_9217
700 _aCaceres Mendoza, Aurelio
_930725
700 _aÁlvarez Chavez, Luisa
_930726
942 _2ddc
_cLIBROS
945 _apjha
_d2019-04-10